[Event "HUN-chT2 Toth 1415"]
[Site "Hungary"]
[Date "2015.03.22"]
[Round "10.12"]
[White "Farago, Balazs"]
[Black "Boa, Bence"]
[Result "1/2-1/2"]
[WhiteElo "1541"]
[BlackElo "1606"]
[PlyCount "78"]
[EventDate "2014.09.07"]
[EventType "team-tourn"]
[EventRounds "11"]
[EventCountry "HUN"]
[SourceTitle "EXT 2016"]
[Source "ChessBase"]
[SourceDate "2015.10.08"]
[SourceVersion "1"]
[SourceVersionDate "2015.10.08"]
[SourceQuality "1"]
[WhiteTeam "Takisz"]
[BlackTeam "Maroczy II"]
[WhiteTeamCountry "HUN"]
[BlackTeamCountry "HUN"]

1. e4 c6 2. d4 d5 3. Nc3 dxe4 4. Nxe4 Bf5 5. Ng3 Bg6 6. Nf3 Nf6 7. Ne5 e6 8. Nxg6 hxg6 9. Bc4 Bd6 10. c3 Qc7 11. Qf3 Nbd7 12. 0-0 0-0-0 13. Bg5 Rde8 14. Bxf6 Nxf6 15. h3 Rh6 16. Ne4 Nxe4 17. Qxe4 a6 18. Rfe1 Re7 19. Qf3 g5 20. b4 f5 21. a4 Bf4 22. Bb3 Bd2 23. Red1 g4 24. hxg4 fxg4 25. Qf8+ Kd7 26. g3 Bxc3 27. Rac1 Bxb4 28. d5 exd5 29. Rxd5+ Bd6 30. Qf5+ Ke8 31. Qxg4 Qd7 32. Qxd7+ Kxd7 33. Rd3 Kc7 34. Kg2 Rf6 35. Rb1 Bc5 36. f3 Re2+ 37. Kh3 Bd6 38. f4 Rg6 39. Rbd1 Re7 1/2-1/2

[Event "Budapest Art Pub Cup 7th"]
[Site "Budapest"]
[Date "2015.03.15"]
[Round "6"]
[White "Dibusz, Domonkos"]
[Black "Farago, Balazs"]
[Result "1-0"]
[WhiteElo "1631"]
[BlackElo "1518"]
[PlyCount "89"]
[EventDate "2015.03.13"]
[EventType "swiss"]
[EventRounds "6"]
[EventCountry "HUN"]
[SourceTitle "CBM 165 Extra"]
[Source "ChessBase"]
[SourceDate "2015.04.21"]
[SourceVersion "1"]
[SourceVersionDate "2015.04.21"]
[SourceQuality "1"]

1. e4 c6 2. d4 d5 3. Nc3 dxe4 4. Nxe4 Bf5 5. Ng3 Bg6 6. h4 h6 7. Nf3 Nd7 8. h5 Bh7 9. Bd3 Bxd3 10. Qxd3 Ngf6 11. Bd2 e6 12. 0-0-0 Bd6 13. Ne4 Nxe4 14. Qxe4 Nf6 15. Qe2 Qb6 16. c4 Qa6 17. Kb1 0-0 18. Rc1 c5 19. dxc5 Bxc5 20. Bc3 Be7 21. Nd4 Rac8 22. b3 b6 23. g4 Qb7 24. f3 Nh7 25. Rce1 Rcd8 26. Nc2 Bf6 27. Bxf6 Nxf6 28. f4 Nh7 29. Rhg1 Qd7 30. g5 hxg5 31. fxg5 Qd3 32. g6 fxg6 33. Qxe6+ Kh8 34. hxg6 Rd6 35. Qg4 Nf6 36. Qh4+ Kg8 37. Ref1 Rfd8 38. Rxf6 Rxf6 39. Qh7+ Kf8 40. Qh8+ Ke7 41. Re1+ Kd7 42. Qxg7+ Kc8 43. Qxf6 Qg3 44. Qe6+ Kb8 45. Qe5+ 1-0

[Event "HUN-chT2 Toth 1415"]
[Site "Hungary"]
[Date "2015.02.08"]
[Round "8.12"]
[White "Szokolai, Robert Mirko"]
[Black "Farago, Balazs"]
[Result "1-0"]
[WhiteElo "1507"]
[BlackElo "1541"]
[PlyCount "85"]
[EventDate "2014.09.07"]
[EventType "team-tourn"]
[EventRounds "11"]
[EventCountry "HUN"]
[SourceTitle "EXT 2016"]
[Source "ChessBase"]
[SourceDate "2015.10.08"]
[SourceVersion "1"]
[SourceVersionDate "2015.10.08"]
[SourceQuality "1"]
[WhiteTeam "Oroshaza"]
[BlackTeam "Takisz"]
[WhiteTeamCountry "HUN"]
[BlackTeamCountry "HUN"]

1. d4 Nf6 2. c4 e6 3. Nc3 Bb4 4. Qc2 0-0 5. Bg5 c6 6. e3 d5 7. Nf3 Nbd7 8. Bd3 h6 9. Bh4 Qc7 10. 0-0 b6 11. cxd5 cxd5 12. Qb3 Bxc3 13. Rac1 Bb7 14. Rxc3 Qd8 15. Rfc1 Qe7 16. Rc7 Rfc8 17. R1c3 Rxc7 18. Rxc7 Bc8 19. Ne5 g5 20. Bg3 Qd8 21. Nc6 Qe8 22. Nxa7 Rb8 23. Nb5 Rb7 24. Nd6 Rxc7 25. Nxe8 Rc1+ 26. Bf1 Ba6 27. Nxf6+ Nxf6 28. h3 Rxf1+ 29. Kh2 Ne4 30. Qxb6 Be2 31. Qd8+ Kg7 32. f3 Nxg3 33. Kxg3 Rg1 34. Kf2 Rb1 35. Kxe2 Rxb2+ 36. Kf1 Rxa2 37. h4 gxh4 38. Qxh4 Ra7 39. Kf2 Ra8 40. e4 Ra5 41. e5 Ra7 42. Qf6+ Kh7 43. Kg3 1-0

[Event "HUN-chT2 Toth 1213"]
[Site "Hungary"]
[Date "2013.04.07"]
[Round "10.8"]
[White "Valyi, Blanka Borbala"]
[Black "Farago, Balazs"]
[Result "1-0"]
[WhiteElo "1756"]
[BlackElo "1826"]
[PlyCount "69"]
[EventDate "2012.09.16"]
[EventType "team-tourn"]
[EventRounds "11"]
[EventCountry "HUN"]
[SourceTitle "EXT 2014"]
[Source "ChessBase"]
[SourceDate "2013.11.20"]
[SourceVersion "1"]
[SourceVersionDate "2013.11.20"]
[SourceQuality "1"]
[WhiteTeam "Maroczy II"]
[BlackTeam "Mezobereny"]
[WhiteTeamCountry "HUN"]
[BlackTeamCountry "HUN"]

1. d4 Nf6 2. Nf3 g6 3. g3 Bg7 4. Bg2 d6 5. 0-0 0-0 6. c4 Nc6 7. Nc3 h6 8. e4 e5 9. Re1 Bg4 10. Be3 Qc8 11. Qd2 Kh7 12. dxe5 Nxe5 13. Nxe5 dxe5 14. Nd5 Rd8 15. Qc1 Nxd5 16. cxd5 f5 17. exf5 gxf5 18. f3 Bh5 19. Qc4 Qd7 20. Qh4 Bg6 21. Rad1 Qb5 22. Rc1 Rxd5 23. Rxc7 Rd7 24. Rec1 Rad8 25. Rxd7 Rxd7 26. b3 Qe2 27. Bxa7 Rd2 28. Qh3 e4 29. fxe4 fxe4 30. g4 Rxa2 31. Bb6 Qd2 32. Be3 Bd4 33. Qxh6+ Kg8 34. Qxg6+ Kf8 35. Rf1+ 1-0

[Event "HUN-chT2 Toth 1112"]
[Site "Hungary"]
[Date "2011.10.30"]
[Round "2.9"]
[White "Farago, Balazs"]
[Black "Koszo, Attila"]
[Result "1/2-1/2"]
[WhiteElo "1816"]
[BlackElo "1921"]
[PlyCount "199"]
[EventDate "2011.09.25"]
[EventType "team-tourn"]
[EventRounds "11"]
[EventCountry "HUN"]
[SourceTitle "EXT 2013"]
[Source "ChessBase"]
[SourceDate "2012.11.22"]
[SourceVersion "1"]
[SourceVersionDate "2012.11.22"]
[SourceQuality "1"]
[WhiteTeam "Mezobereny"]
[BlackTeam "Maroczy II"]
[WhiteTeamCountry "HUN"]
[BlackTeamCountry "HUN"]

1. c4 Nf6 2. Nc3 g6 3. d3 Bg7 4. Nf3 0-0 5. g3 d6 6. Bg2 e5 7. 0-0 a5 8. a3 Nbd7 9. Bd2 Nc5 10. b4 axb4 11. axb4 Rxa1 12. Qxa1 Nb3 13. Qa7 Nxd2 14. Nxd2 c6 15. b5 d5 16. Rb1 Qd6 17. cxd5 cxd5 18. b6 Qc5 19. Na4 Qc2 20. Rb2 Qc1+ 21. Nf1 e4 22. Qa5 Ng4 23. Ra2 Be6 24. Qd2 Qc6 25. Qc2 Rc8 26. Qxc6 Rxc6 27. dxe4 dxe4 28. Rd2 f5 29. f3 Nf6 30. Ne3 Kf7 31. Nd1 Rc1 32. Kf2 Bh6 33. e3 Bd5 34. Nac3 Bc6 35. h3 Ke6 36. Ke2 Ra1 37. Rd4 exf3+ 38. Bxf3 Bxf3+ 39. Kxf3 Ra6 40. Rb4 Bf8 41. Rb5 Ra3 42. g4 fxg4+ 43. hxg4 Nd7 44. Ke4 Bc5 45. Rb2 Bxb6 46. g5 Ba5 47. Kd4 Bxc3+ 48. Nxc3 b6 49. e4 Ra1 50. Rh2 Rg1 51. Rxh7 Rxg5 52. Nd5 Rg1 53. Re7+ Kd6 54. Rg7 b5 55. Kc3 Nc5 56. Nf4 Nxe4+ 57. Kd4 Nf6 58. Nxg6 Rg4+ 59. Kc3 Nd5+ 60. Kb3 Nf4 61. Rb7 Rg3+ 62. Kb4 Nxg6 63. Rxb5 Rg4+ 64. Kc3 Ne7 65. Kd3 Nd5 66. Rb8 Nb4+ 67. Ke3 Nc6 68. Rb6 Kc5 69. Rb1 Ne5 70. Rc1+ Kd5 71. Rd1+ Kc4 72. Rc1+ Kb3 73. Rb1+ Kc2 74. Rb8 Nc4+ 75. Kf3 Rd4 76. Rc8 Kd3 77. Rf8 Ne5+ 78. Kf2 Ke4 79. Ke2 Ra4 80. Kd2 Ra3 81. Re8 Kf4 82. Rd8 Kg3 83. Rd5 Nf3+ 84. Kc1 Ra2 85. Rc5 Nd4 86. Rc3+ Kf4 87. Rd3 Ke4 88. Kb1 Rg2 89. Rc3 Nb5 90. Rb3 Nd4 91. Rc3 Kd5 92. Rc8 Nb5 93. Rd8+ Kc4 94. Rc8+ Kb3 95. Kc1 Nd4 96. Kd1 Nf3 97. Rb8+ Kc3 98. Rc8+ Kd3 99. Rd8+ Nd4 100. Ke1 1/2-1/2

[Event "HUN-chT2 Toth 1011"]
[Site "Hungary"]
[Date "2011.04.10"]
[Round "8.8"]
[White "Vass, Laszlo"]
[Black "Farago, Balazs"]
[Result "0-1"]
[WhiteElo "1989"]
[BlackElo "1820"]
[PlyCount "108"]
[EventDate "2010.09.12"]
[EventType "team-tourn"]
[EventRounds "11"]
[EventCountry "HUN"]
[SourceTitle "EXT 2012"]
[Source "ChessBase"]
[SourceDate "2011.11.24"]
[SourceVersion "1"]
[SourceVersionDate "2011.11.24"]
[SourceQuality "1"]
[WhiteTeam "Nadudvar"]
[BlackTeam "Mezobereny"]
[WhiteTeamCountry "HUN"]
[BlackTeamCountry "HUN"]

1. e4 c5 2. Nc3 Nc6 3. g3 Nf6 4. Bg2 d6 5. h3 e5 6. Nge2 Be7 7. 0-0 0-0 8. d3 Nd4 9. Be3 a6 10. Nd5 Nxd5 11. exd5 f5 12. f4 Bf6 13. c3 Nxe2+ 14. Qxe2 Re8 15. Qc2 Bd7 16. Rab1 Rc8 17. c4 b5 18. b4 cxb4 19. Rxb4 a5 20. Rbb1 bxc4 21. dxc4 e4 22. Bb6 Qe7 23. Bxa5 Bd4+ 24. Kh2 Rb8 25. Bc7 Ra8 26. Bb6 Qf6 27. Bxd4 Qxd4 28. Rb4 Ra3 29. Qb2 Qxb2 30. Rxb2 Rc3 31. Rb7 Ba4 32. Rc7 e3 33. Re1 Rd3 34. Kg1 Rd1 35. Rxd1 Bxd1 36. Kf1 e2+ 37. Ke1 Re3 38. c5 Rxg3 39. cxd6 Rxg2 40. Re7 Kf8 41. Re3 Rg1+ 42. Kd2 e1Q+ 43. Rxe1 Rxe1 44. Kxe1 Ba4 45. Kd2 Ke8 46. Kc3 Kd7 47. Kb4 Bc2 48. Kc5 h6 49. h4 g6 50. a3 Bd1 51. Kb5 Kxd6 52. a4 Kxd5 53. a5 Be2+ 54. Kb6 Ke4 0-1

[Event "HUN-chT2 Toth 1011"]
[Site "Hungary"]
[Date "2011.03.27"]
[Round "7.8"]
[White "Farago, Balazs"]
[Black "Adzic, Slobodan"]
[Result "1/2-1/2"]
[WhiteElo "1820"]
[BlackElo "2126"]
[PlyCount "68"]
[EventDate "2010.09.12"]
[EventType "team-tourn"]
[EventRounds "11"]
[EventCountry "HUN"]
[SourceTitle "EXT 2012"]
[Source "ChessBase"]
[SourceDate "2011.11.24"]
[SourceVersion "1"]
[SourceVersionDate "2011.11.24"]
[SourceQuality "1"]
[WhiteTeam "Mezobereny"]
[BlackTeam "Roszke"]
[WhiteTeamCountry "HUN"]
[BlackTeamCountry "HUN"]

1. c4 g6 2. Nc3 Bg7 3. d3 Nf6 4. Nf3 d5 5. cxd5 Nxd5 6. Bd2 Nc6 7. g3 e5 8. Bg2 Nde7 9. Qc1 h6 10. 0-0 Be6 11. Rb1 g5 12. b4 0-0 13. a4 f5 14. b5 Nd4 15. Nxd4 exd4 16. Nd1 Bd5 17. Bxd5+ Nxd5 18. Qc4 Kh8 19. Rc1 Rc8 20. e3 c5 21. exd4 cxd4 22. Qxc8 Qxc8 23. Rxc8 Rxc8 24. Nb2 Rc2 25. Nc4 Nb6 26. Rc1 Rxc1+ 27. Bxc1 Nxa4 28. Nd6 Nc5 29. Nxf5 Nxd3 30. Bd2 Nb2 31. Nd6 Bf8 32. Nxb7 Nc4 33. Ba5 Na3 34. b6 axb6 1/2-1/2

[Event "HUN-chT2 Toth 1011"]
[Site "Hungary"]
[Date "2010.11.07"]
[Round "5.9"]
[White "Kopias, Ferenc"]
[Black "Farago, Balazs"]
[Result "1-0"]
[WhiteElo "1882"]
[BlackElo "1820"]
[PlyCount "65"]
[EventDate "2010.09.12"]
[EventType "team-tourn"]
[EventRounds "11"]
[EventCountry "HUN"]
[SourceTitle "EXT 2012"]
[Source "ChessBase"]
[SourceDate "2011.11.24"]
[SourceVersion "1"]
[SourceVersionDate "2011.11.24"]
[SourceQuality "1"]
[WhiteTeam "Mako"]
[BlackTeam "Mezobereny"]
[WhiteTeamCountry "HUN"]
[BlackTeamCountry "HUN"]

1. c4 Nf6 2. Nc3 g6 3. g3 Bg7 4. Bg2 d6 5. e3 0-0 6. Nge2 e5 7. 0-0 Nc6 8. a3 a5 9. Rb1 Nd7 10. b4 axb4 11. axb4 Ne7 12. Qb3 Kh8 13. Bb2 f5 14. Nb5 g5 15. Ra1 Rb8 16. f4 g4 17. d4 exf4 18. exf4 Nf6 19. Rfe1 h5 20. d5 c6 21. Nxd6 cxd5 22. Nxc8 Rxc8 23. cxd5 Nexd5 24. Rad1 Qb6+ 25. Bd4 Qb5 26. Bxd5 Rfe8 27. Nc3 Rxe1+ 28. Rxe1 Rxc3 29. Qxc3 Nxd5 30. Qc8+ Kh7 31. Qxf5+ Kg8 32. Qg6 Nf6 33. Re7 1-0

[Event "HUN-chT2 Toth 1011"]
[Site "Hungary"]
[Date "2010.10.24"]
[Round "4.8"]
[White "Nagy, Jozsef"]
[Black "Farago, Balazs"]
[Result "1-0"]
[WhiteElo "1903"]
[BlackElo "1820"]
[PlyCount "99"]
[EventDate "2010.09.12"]
[EventType "team-tourn"]
[EventRounds "11"]
[EventCountry "HUN"]
[SourceTitle "EXT 2012"]
[Source "ChessBase"]
[SourceDate "2011.11.24"]
[SourceVersion "1"]
[SourceVersionDate "2011.11.24"]
[SourceQuality "1"]
[WhiteTeam "Csongrad Felegyhaza"]
[BlackTeam "Mezobereny"]
[WhiteTeamCountry "HUN"]
[BlackTeamCountry "HUN"]

1. d4 Nf6 2. c4 g6 3. Nf3 Bg7 4. Nc3 d6 5. e3 0-0 6. Qc2 Nc6 7. a3 e5 8. d5 Ne7 9. e4 h6 10. Be2 a5 11. 0-0 Ne8 12. Bd2 f5 13. b4 axb4 14. axb4 Rb8 15. Ra2 f4 16. Rfa1 g5 17. Ne1 g4 18. f3 h5 19. Ra8 Bd7 20. Rxb8 Qxb8 21. Ra2 Nf6 22. Qd1 Qc8 23. Bf1 h4 24. fxg4 Bxg4 25. Nf3 h3 26. gxh3 Bxh3 27. Bxh3 Qxh3 28. Qf1 Qxf1+ 29. Kxf1 Bh6 30. Ra7 Rb8 31. Be1 Ng6 32. h3 Nh5 33. Ke2 Ng3+ 34. Kd3 c6 35. Bf2 Nh8 36. Bb6 cxd5 37. Nxd5 Nf7 38. h4 Kg7 39. Bc7 Rc8 40. Rxb7 Ra8 41. Bxd6 Kg6 42. Nxe5+ Nxe5+ 43. Bxe5 Ra3+ 44. Nc3 Kh5 45. Rh7 Kg6 46. Rxh6+ Kxh6 47. Bxf4+ Kh5 48. Bxg3 Kg4 49. Bd6 Kxh4 50. b5 1-0

[Event "HUN-chT2 Maroczy 0910"]
[Site "Hungary"]
[Date "2009.11.08"]
[Round "1"]
[White "Biro, Istvan"]
[Black "Farago, Balazs"]
[Result "1-0"]
[WhiteElo "1805"]
[BlackElo "1818"]
[PlyCount "123"]
[EventDate "2009.11.08"]
[EventType "team-tourn"]
[EventRounds "11"]
[EventCountry "HUN"]
[SourceTitle "EXT 2011"]
[Source "ChessBase"]
[SourceDate "2010.11.26"]
[SourceVersion "1"]
[SourceVersionDate "2010.11.26"]
[SourceQuality "1"]
[WhiteTeam "Oroshaza"]
[BlackTeam "Gyula"]
[WhiteTeamCountry "HUN"]
[BlackTeamCountry "HUN"]

1. e4 c5 2. Nf3 Nc6 3. d4 cxd4 4. Nxd4 Nf6 5. Nc3 e5 6. Ndb5 d6 7. Bg5 a6 8. Na3 b5 9. Nd5 Be7 10. Bxf6 Bxf6 11. c3 Bg5 12. Nc2 0-0 13. a4 bxa4 14. Rxa4 Ne7 15. Bc4 Bb7 16. 0-0 Nxd5 17. Bxd5 Bxd5 18. Qxd5 Qb6 19. Rb4 Qc7 20. Rd1 Rad8 21. Ra4 Rb8 22. Nb4 Rb5 23. Qd3 Ra5 24. Nxa6 Qb6 25. Rxa5 Qxa5 26. Nb4 Qb6 27. g3 Rd8 28. Ra1 Qc5 29. Nd5 h5 30. b4 Qc8 31. h4 Bf6 32. Qe2 Qg4 33. Qxg4 hxg4 34. Kf1 Kf8 35. Ke2 Rc8 36. Kd3 Bd8 37. Ra6 Be7 38. Ne3 g6 39. Nxg4 f5 40. exf5 gxf5 41. Ne3 e4+ 42. Kc2 f4 43. Nd5 e3 44. Nxe7 exf2 45. Ra1 fxg3 46. Ng6+ Kg7 47. Nf4 Rf8 48. Nh5+ Kg6 49. Nxg3 Rf3 50. Nf1 Kh5 51. b5 Rf8 52. b6 Rb8 53. Rb1 Kxh4 54. Kd3 Kg5 55. Ke4 Re8+ 56. Kf3 Re1 57. Rb5+ Kf6 58. Kxf2 Re8 59. Ne3 Ke7 60. Nd5+ Kf7 61. Nc7 Rb8 62. b7 1-0

[Event "HUN-chT2 Maroczy 0809"]
[Site "Hungary"]
[Date "2008.11.02"]
[Round "2"]
[White "Farago, Balazs"]
[Black "Kiraly, Zoltan"]
[Result "0-1"]
[WhiteElo "1812"]
[BlackElo "1825"]
[PlyCount "94"]
[EventDate "2008.10.26"]
[EventType "team-tourn"]
[EventRounds "11"]
[EventCountry "HUN"]
[SourceTitle "EXT 2010"]
[Source "ChessBase"]
[SourceDate "2010.11.25"]
[SourceVersion "1"]
[SourceVersionDate "2010.11.25"]
[SourceQuality "1"]
[WhiteTeam "Gyula"]
[BlackTeam "Dunaharaszti"]
[WhiteTeamCountry "HUN"]
[BlackTeamCountry "HUN"]

1. c4 c6 2. Nc3 Nf6 3. d3 d5 4. cxd5 cxd5 5. Nf3 Nc6 6. g3 e6 7. Bg2 Be7 8. 0-0 Qb6 9. a3 0-0 10. b4 Bd7 11. b5 Nd4 12. Nxd4 Qxd4 13. Bd2 Rfc8 14. Qb3 Rc7 15. Na2 Rac8 16. Be3 Qg4 17. f3 Qh5 18. Bxa7 b6 19. Bxb6 Rb7 20. Bf2 Rxb5 21. Nb4 Rcb8 22. Be1 Qe5 23. Qa2 d4 24. Bd2 Bxb4 25. Bxb4 Nd5 26. Rab1 Nc3 27. Qd2 Nxb1 28. Rxb1 Rc8 29. f4 Qc7 30. Kf2 Qc2 31. Qxc2 Rxc2 32. Bf3 f6 33. h4 Bc6 34. Bxc6 Rxc6 35. e3 Rc2+ 36. Kf3 dxe3 37. Kxe3 Kf7 38. Rh1 h5 39. Rg1 e5 40. d4 exf4+ 41. Kxf4 g5+ 42. hxg5 Rxg5 43. Re1 Rf2+ 44. Ke3 Rb2 45. Bd6 Rb6 46. Bf4 Ra5 47. Ke4 Re6+ 0-1

[Event "HUN-chT2 Toth 0708"]
[Site "Hungary"]
[Date "2008.04.27"]
[Round "10"]
[White "Farago, Balazs"]
[Black "Varga, Laszlo"]
[Result "1/2-1/2"]
[WhiteElo "1813"]
[BlackElo "2194"]
[PlyCount "79"]
[EventDate "2007.10.14"]
[EventType "team"]
[EventRounds "11"]
[EventCountry "HUN"]
[SourceTitle "EXT 2009"]
[Source "ChessBase"]
[SourceDate "2008.11.26"]
[SourceVersion "1"]
[SourceVersionDate "2008.11.26"]
[SourceQuality "1"]
[WhiteTeam "Gyula"]
[BlackTeam "Roszke"]
[WhiteTeamCountry "HUN"]
[BlackTeamCountry "HUN"]

1. c4 Nf6 2. Nc3 c6 3. d3 e5 4. Nf3 d6 5. g3 Be7 6. Bg2 0-0 7. 0-0 Nbd7 8. a3 Qc7 9. b4 h6 10. Bd2 b6 11. b5 Bb7 12. a4 c5 13. Qb3 Rad8 14. a5 e4 15. axb6 axb6 16. Nh4 Ra8 17. Nf5 Rfe8 18. Nxe7+ Rxe7 19. Rxa8+ Bxa8 20. Ra1 Re8 21. Bf4 Nf8 22. dxe4 Bxe4 23. Nxe4 Nxe4 24. Qd3 Qe7 25. Bxe4 Qxe4 26. Qxe4 Rxe4 27. Bxd6 Ne6 28. e3 Rxc4 29. Ra6 Rc1+ 30. Kg2 Ng5 31. Rxb6 Rc2 32. Rb8+ Kh7 33. Re8 Rb2 34. Bxc5 Rxb5 35. Bd4 Kg6 36. h4 Ne6 37. g4 Rd5 38. Bb6 Rb5 39. Ba7 Rb7 40. Bb8 1/2-1/2